000 00654nam a22001217a 4500
040 _cRUA
082 _aAVM CHR 2025 B705 Or.1
100 _aCHREY MENGLIM, ជ្រី ម៉េងលីម
245 _aCase of escherichia coli resistance to antibiotic of nursery pig in boeng krum commune, lea em district, kandal province, ករណី Escherichia Coli ស៊ាំនឹងឳសថអង់ទីប៊ីយ៉ូទិកលើកូនជ្រូក នៅឃុំបឹងគ្រុំ ស្រុកល្វាឯម ខេត្តកណ្ដាល
260 _aPHNOM PENH
_bRUA
_c2025
300 _axi,38p.
_bill.
_c29cm.
942 _cAVM
999 _c25817
_d25817